00544nam a2200145Ia 4500008004100000100001700041245008600058245004300144260004900187260000900236650001300245856004800258999001900306952007300325170221s9999 xx 000 0 und d aTih Koon Tan aFinancial Distress and Firm Performance: Evidence from the Asian Financial Crisis cTih Koon Tan, The University of Tampa. bJournal of Management and Marketing Research c2013 xBusiness uhttp://www.aabri.com/manuscripts/121199.pdf c309533d309533 001040aCLbCLd2017-02-21l0r2017-02-21 00:00:00w2017-02-21yFOJ